LEADER 01983nam 2200505Ia 450 001 9910962461603321 005 20251116154703.0 035 $a(CKB)2550000000109873 035 $a(EBL)3421685 035 $a(SSID)ssj0001030634 035 $a(PQKBManifestationID)11661140 035 $a(PQKBTitleCode)TC0001030634 035 $a(PQKBWorkID)11073079 035 $a(PQKB)11758148 035 $a(MiAaPQ)EBC3421685 035 $a(Au-PeEL)EBL3421685 035 $a(CaPaEBR)ebr10574251 035 $a(OCoLC)923607333 035 $a(EXLCZ)992550000000109873 100 $a20111102d2008 uy 0 101 0 $aeng 135 $aurcn||||||||| 181 $ctxt 182 $cc 183 $acr 200 10$aEnvironment, technology, justification $ereflective analyses /$fLester Embree 210 $aBucharest $cZeta books$d2008 215 $a1 online resource (176 p.) 225 0 $aPhenomenological workshop texts ;$v1 300 $aDescription based upon print version of record. 311 08$a973-1997-14-8 327 $a""TABLE OF CONTENTS""; ""PREFACE ""; ""INTRODUCTION ""; ""ACTION FOR ECOSYSTEMIC HEALTH ""; ""THE CONSTITUTION OF THE VEGETABLE ""; ""PROBLEMS OF THE VALUE OF NATURE""; ""THE NONWORLDLY GROUNDING OF ENVIRONMENTALISM ""; ""THE CONSTITUTION OF BASIC CULTURE ""; ""THE RATIONALITY OF SCIENTIFIC TECHNOLOGY ""; ""INDIRECT ACTION AND TECHNOLOGY ""; ""THE WHERE AND WHEN OF APPEARANCES ""; ""INTRINSIC AND EXTRINSIC EXISTENCE ""; ""WHEN DOES THE END NOT JUSTIFY THE ME ANS ? ""; ""TOLERANCE REFLECTIVELY ANALYZED "" 410 0$aEnvironment, Space, Place 606 $aTechnology$xPhilosophy 606 $aPhenomenology 615 0$aTechnology$xPhilosophy. 615 0$aPhenomenology. 700 $aEmbree$b Lester$f1938-2017.$053420 801 0$bMiAaPQ 801 1$bMiAaPQ 801 2$bMiAaPQ 906 $aBOOK 912 $a9910962461603321 996 $aEnvironment, technology, justification$94554624 997 $aUNINA